[Event "1800's Anonymous "]
[Site "SchemingMind.com"]
[Date "2012.06.07"]
[Round "-"]
[White "David Hartley"]
[Black "miriskra"]
[Result "1/2-1/2"]
[WhiteCountry "ENG"]
[BlackCountry "WLS"]
[WhiteElo "1799"]
[WhiteRD "77"]
[BlackElo "1798"]
[BlackRD "65"]
[GameID "311836"]

1. e4 e6 2. d4 d5 3. e5 b6 4. Nf3 Ba6 5. Bd3 Bxd3 6. Qxd3 c5 7. c3 c4 8. Qc2 b5 9. Be3 a5 10. Nbd2 Nc6
11. a3 Nge7 12. O-O h5 13. Bg5 Qb6 14. Qd1 Nf5 15. Re1 Be7 16. Nf1 Bxg5 17. Nxg5 Qc7 18. Ne3 Nce7 19. Nxf5 Nxf5 20. Nh3 g6=
1/2-1/2

[Event "1800's Anonymous "]
[Site "SchemingMind.com"]
[Date "2012.06.07"]
[Round "-"]
[White "Clive Everill"]
[Black "miriskra"]
[Result "0-1"]
[WhiteCountry "CZE"]
[BlackCountry "WLS"]
[WhiteElo "1725"]
[WhiteRD "57"]
[BlackElo "1787"]
[BlackRD "69"]
[GameID "311837"]

1. e4 e6 2. d4 d5 3. Nd2 dxe4 4. Nxe4 Nd7 5. Nf3 Ngf6 6. Nxf6+ Nxf6 7. Bd3 c5 8. dxc5 Bxc5 9. O-O O-O 10. Bg5 Be7
11. Qe2 g6 12. Rfd1 Qb6 13. b3 Re8 14. Ne5 Nd5 15. Bd2 Bf6 16. Nc4 Qc7 17. Rac1 Nc3 18. Bxc3 Bxc3 19. Be4 Bd7 20. Qf3 Bc6
21. Bxc6 Qxc6 22. Qxc3 b5 23. Rd6 Qc8 24. Rcd1 bxc4 25. bxc4 Qc5 26. a3 Rac8 27. R6d4 Qg5 28. Qf3 Qa5 29. Rd7 Rf8 30. Qd3 Qc5
31. Rd4 Qg5 32. h4 Qf6 33. f3 h5 34. Qe3 Kg7 35. Rf4 Qb2 36. Qb3 Qe5 37. g3 Rb8 38. Qa4 Qe3+ 39. Kf1 e5 40. Re1 Qc3
41. Rfe4 Qxf3+ 42. Kg1 Qxg3+ 43. Kf1 Rfe8 44. Qxa7 Ra8 45. Qc5 Rxa3 46. R1e3 Ra1+ 47. Re1 Qf3+ 48. Kg1 Qxe4
0-1

[Event "1800's Anonymous "]
[Site "SchemingMind.com"]
[Date "2012.06.07"]
[Round "-"]
[White "Scooter"]
[Black "miriskra"]
[Result "1-0"]
[WhiteCountry "USA"]
[BlackCountry "WLS"]
[WhiteElo "1745"]
[WhiteRD "49"]
[BlackElo "1798"]
[BlackRD "65"]
[GameID "311838"]

1. d4 Nf6 2. Nf3 g6 3. Bf4 Bg7 4. h3 O-O 5. e3 d6 6. Be2 Nbd7 7. O-O Re8 8. Nbd2 Nd5 9. Bg3 e5 10. c3 h6
11. dxe5 Nxe5 12. Nxe5 Bxe5 13. Bxe5 dxe5 14. Nc4 b5 15. Na5 Qd7 16. Bf3 e4 17. Be2 c6 18. c4 Nc7 19. cxb5 cxb5 20. Qxd7 Bxd7
21. Rac1 Ne6 22. Nb7 Reb8 23. Nd6 b4 24. Nxe4 Kg7 25. Bc4 a5 26. Rfd1 Ba4 27. b3 Bb5 28. Bxe6 fxe6 29. Nd6 Be2 30. Rc7+ Kf6
31. Rf7+ Kg5 32. Ne4+ Kh5 33. Ng3+
1-0

[Event "1800's Anonymous "]
[Site "SchemingMind.com"]
[Date "2012.06.07"]
[Round "-"]
[White "kenneth m day"]
[Black "miriskra"]
[Result "0-1"]
[WhiteCountry "USA"]
[BlackCountry "WLS"]
[WhiteElo "1721"]
[WhiteRD "52"]
[BlackElo "1773"]
[BlackRD "66"]
[GameID "311839"]

1. e4 e6 2. Nc3 d5 3. d4 Bb4 4. e5 c5 5. f4 Ne7 6. Nf3 h5 7. Bd2 Nf5 8. dxc5 Bxc5 9. Bb5+ Bd7 10. Qe2 a6
11. Bd3 Nd4 12. Nxd4 Bxd4 13. O-O-O Nc6 14. g4 g6 15. Qf3 hxg4 16. Qxg4 Qh4 17. Qxh4 Rxh4 18. Ne2 Bc5 19. Rdg1 Bxg1 20. Nxg1 O-O-O
21. Nf3 Rhh8 22. Ng5 Rdf8 23. h4 Be8 24. Be3 Nb4 25. Kb1 Nxd3 26. cxd3 Bb5 27. Kc2 Rh5 28. Bc5 Rfh8 29. Nxf7 Rxh4 30. Nxh8 Rxh1
31. Nxg6 Rh2+ 32. Kc3 Rh3 33. Nf8 Bxd3 34. Kd2 Bf5 35. Bd6 Kd8 36. b3 Ke8 37. Nxe6 Bxe6 38. Kc2 Rh2+ 39. Kc3 Rxa2
0-1

[Event "1800's Anonymous "]
[Site "SchemingMind.com"]
[Date "2012.06.10"]
[Round "-"]
[White "GreeneKing"]
[Black "e_castle3"]
[Result "1-0"]
[WhiteCountry "SCO"]
[BlackCountry "PHI"]
[WhiteElo "1888"]
[WhiteRD "73"]
[BlackElo "1838"]
[BlackRD "62"]
[GameID "311897"]

1. e4 c6 2. d4 d5 3. Nc3 dxe4 4. Nxe4 h6 5. Bc4 Nd7 6. Nf3 Ngf6 7. Ng3 Qc7 8. Qe2 e6 9. Bd2 Bd6 10. Nf5 O-O
11. Nxd6 Qxd6 12. O-O-O b5 13. Bd3 a5 14. g3 a4 15. a3 Nd5 16. c3 Re8 17. Ne5 Nxe5 18. dxe5 Qc7 19. h4 Bd7 20. h5 c5
21. g4 b4 22. c4 bxa3 23. bxa3 Ne7 24. g5 Nf5 25. gxh6 g6 26. hxg6 fxg6 27. Bxf5 gxf5 28. h7+ Kh8 29. Bg5 Rf8 30. Rh6 Kg7
31. Rg1 Qb6 32. Bf6+
1-0

[Event "1800's Anonymous "]
[Site "SchemingMind.com"]
[Date "2012.06.09"]
[Round "-"]
[White "GreeneKing"]
[Black "David Hartley"]
[Result "0-1"]
[WhiteCountry "SCO"]
[BlackCountry "ENG"]
[WhiteElo "1888"]
[WhiteRD "73"]
[BlackElo "1842"]
[BlackRD "71"]
[GameID "311898"]

1. e4 e6 2. d4 d5 3. Nd2 Nf6 4. e5 Nfd7 5. Ngf3 c5 6. c3 Nc6 7. Bd3 Qb6 8. O-O cxd4 9. cxd4 Nxd4 10. Nxd4 Qxd4
11. Nf3 Qb6 12. Qa4 Qb4 13. Bb5 Qxa4 14. Bxa4 Bc5 15. Be3 Bxe3 16. fxe3 O-O 17. Rac1 Nb6 18. Bb3 Bd7 19. Rc7 Rab8 20. Rfc1 Rfc8
21. Nd4 a6 22. Bd1 Kf8 23. b3 Ke8 24. Nf3 h6 25. a4 Rxc7 26. Rxc7 Kd8 27. Rc1 Rc8 28. Rxc8+ Nxc8 29. Be2 Ne7 30. h4 Kc7
31. g4 Kb6 32. Kf2 Nc6 33. Nd4 Nxe5 34. Kg3 Nc6 35. g5 hxg5 36. hxg5 Kc5 37. Nxc6 Bxc6 38. Kf4 Kb4 39. Bd1 f6 40. g6 Kc3
0-1

[Event "1800's Anonymous "]
[Site "SchemingMind.com"]
[Date "2012.06.08"]
[Round "-"]
[White "GreeneKing"]
[Black "Clive Everill"]
[Result "1/2-1/2"]
[WhiteCountry "SCO"]
[BlackCountry "CZE"]
[WhiteElo "1888"]
[WhiteRD "73"]
[BlackElo "1725"]
[BlackRD "57"]
[GameID "311899"]

1. e4 e6 2. d4 c5 3. c3 d5 4. Nd2 cxd4 5. cxd4 dxe4 6. Nxe4 Bb4+ 7. Bd2 Qxd4 8. Bb5+ Bd7 9. Bxd7+ Nxd7 10. Nc3 Ne7
11. a3 Ba5 12. Qe2 Qe5 13. Nf3 Qxe2+ 14. Kxe2 O-O 15. b4 Bd8 16. Rac1 a6 17. Rhd1 Nb6 18. Be3 Nc4 19. Bc5 Re8 20. Ne4 Nxa3
21. Nd6 Rf8 22. Nxb7 Nd5 23. Bxf8 Kxf8 24. Nxd8 Rxd8 25. Ng5 h6 26. Ne4 Rb8 27. Nc5 Rxb4 28. Nxa6 Rb2+ 29. Kf1 Nb5 30. Rc8+ Ke7
31. Rdc1 Nd6 32. R8c2 Rb6 33. Nc5 Nf5 34. Na4 Rb4 35. Nc3 Nf4 36. Re1 Kf6 37. Re4 Rxe4 38. Nxe4+ Kg6 39. g3 Nd3 40. Ke2 Ne5
41. Rc3 Nd4+ 42. Ke3 Nf5+ 43. Kd2 Nd4 44. h3 f5 45. Nc5 Kf6 46. f4 Nf7 47. Ke3 Nb5 48. Rd3 g5 49. Nd7+ Kg6 50. Ne5+ Nxe5
51. fxe5 Nc7 52. Rd7 Nd5+ 53. Kf3 h5 54. g4 fxg4+ 55. hxg4 h4 56. Rd6 Kf7 57. Rd7+ Kg6 58. Rd6=
1/2-1/2

[Event "1800's Anonymous "]
[Site "SchemingMind.com"]
[Date "2012.06.08"]
[Round "-"]
[White "GreeneKing"]
[Black "miriskra"]
[Result "1-0"]
[WhiteCountry "SCO"]
[BlackCountry "WLS"]
[WhiteElo "1879"]
[WhiteRD "75"]
[BlackElo "1798"]
[BlackRD "65"]
[GameID "311900"]

1. e4 e6 2. d4 d5 3. Nd2 dxe4 4. Nxe4 Nd7 5. Nf3 Ngf6 6. Bg5 Be7 7. Nxf6+ Bxf6 8. Qd2 Bxg5 9. Nxg5 h6 10. Nf3 O-O
11. Bd3 c5 12. O-O-O cxd4 13. Nxd4 Nc5 14. Bc4 Qe7 15. h4 a6 16. Qe2 b5 17. Bd5 Bb7 18. Bxb7 Qxb7 19. f3 Rac8 20. Rd2 Rfe8
21. g4 e5 22. Nf5 Qc6 23. Nd6 Rcd8 24. Nxe8 Rxe8 25. Rhd1 b4 26. b3 a5 27. Qc4 Rc8 28. Rd5 e4 29. Rxc5 Qxc5 30. Rd8+ Kh7
31. Rxc8 Qg1+ 32. Kb2 exf3 33. Qe4+ g6 34. Rc7
1-0

[Event "1800's Anonymous "]
[Site "SchemingMind.com"]
[Date "2012.06.07"]
[Round "-"]
[White "GreeneKing"]
[Black "Scooter"]
[Result "1-0"]
[WhiteCountry "SCO"]
[BlackCountry "USA"]
[WhiteElo "1879"]
[WhiteRD "75"]
[BlackElo "1745"]
[BlackRD "49"]
[GameID "311901"]

1. e4 c6 2. d4 d5 3. Nc3 dxe4 4. Nxe4 Bf5 5. Ng3 Bg6 6. h4 h6 7. h5 Bh7 8. Nh3 Nd7 9. Bc4 Ngf6 10. O-O e6
11. Bf4 Be7 12. Re1 Nb6 13. Bb3 Bd6 14. c4 Bxf4 15. Nxf4 Qc7 16. Qf3 O-O-O 17. c5 Nbd5 18. Nxd5 Nxd5 19. Ne4 Bxe4 20. Rxe4 Qe7
21. Bc4 Qf6 22. Qa3 Kb8 23. Rae1 Nf4 24. Qe3 Nxh5 25. g4 Qg6 26. Kf1 Nf6 27. Qg3+ Kc8 28. Rf4 Qc2 29. b3 Qxa2 30. Qc3 Nd5
31. Bxd5 cxd5 32. Ra1
1-0

[Event "1800's Anonymous "]
[Site "SchemingMind.com"]
[Date "2012.06.08"]
[Round "-"]
[White "GreeneKing"]
[Black "kenneth m day"]
[Result "1-0"]
[WhiteCountry "SCO"]
[BlackCountry "USA"]
[WhiteElo "1888"]
[WhiteRD "73"]
[BlackElo "1812"]
[BlackRD "56"]
[GameID "311902"]

1. e4 c5 2. Nf3 d6 3. d4 cxd4 4. Nxd4 Nf6 5. Nc3 a6 6. Be3 e5 7. Nde2 Be6 8. Qd2 Be7 9. O-O-O Nc6 10. Nd5 O-O
11. Bb6 Nxe4 12. Bxd8 Nxd2 13. Nxe7+ Nxe7 14. Bxe7 Rfe8 15. Bxd6 Nc4 16. Nc3 Nxd6 17. Rxd6 Rac8 18. Bd3 f6 19. Rd1 Bg4 20. f3 Bh5
21. Be4 Bg6 22. Bd5+ Bf7 23. Bxb7 Rc7 24. Bc6 Rf8 25. Bd5 Bxd5 26. R1xd5 Ra8 27. Rd8+ Rxd8 28. Rxd8+ Kf7 29. Rd6
1-0

[Event "1800's Anonymous "]
[Site "SchemingMind.com"]
[Date "2012.06.10"]
[Round "-"]
[White "e_castle3"]
[Black "GreeneKing"]
[Result "1-0"]
[WhiteCountry "PHI"]
[BlackCountry "SCO"]
[WhiteElo "1835"]
[WhiteRD "62"]
[BlackElo "1892"]
[BlackRD "71"]
[GameID "311903"]

1. e4 c6 2. d4 d5 3. exd5 cxd5 4. Nf3 Nf6 5. Be2 Nc6 6. O-O g6 7. h3 Bg7 8. Nc3 O-O 9. Bg5 a6 10. a3 Qc7
11. Bxf6 Bxf6 12. Nxd5 Qd6 13. Nxf6+ Qxf6 14. c3 Bf5 15. Bd3 Rad8 16. Bxf5 Qxf5 17. Qb3 b5 18. a4 b4 19. Rfd1 Rb8 20. Qc4 Rfc8
21. Qxa6 bxc3 22. bxc3 Na5 23. Ne5 Nb3 24. Rab1 Nc5 25. Qf1 Rxb1 26. Rxb1 Nxa4 27. Rb7 f6 28. Ng4 Qe6 29. d5 Qd6 30. c4 Nc5
31. Ra7 Rc7 32. Rxc7 Qxc7 33. Qe2 Kf8 34. Qa2 h5 35. Ne3 Kg7 36. Qa8 Qb7 37. Qxb7 Nxb7 38. Kf1 Kf7 39. Ke2 e5 40. Kd2 Nc5
41. f3 f5 42. Kc3 f4 43. Nc2 Kf6 44. Kb4 Nd3+ 45. Kb5 Nf2 46. c5 e4 47. fxe4 Nxe4 48. Ne1 g5 49. Kc6 g4 50. hxg4 hxg4
51. d6 Kf7 52. d7 Nxc5 53. d8=Q
1-0

[Event "1800's Anonymous "]
[Site "SchemingMind.com"]
[Date "2012.06.10"]
[Round "-"]
[White "David Hartley"]
[Black "GreeneKing"]
[Result "1-0"]
[WhiteCountry "ENG"]
[BlackCountry "SCO"]
[WhiteElo "1842"]
[WhiteRD "71"]
[BlackElo "1888"]
[BlackRD "73"]
[GameID "311904"]

1. e4 e5 2. Nf3 Nc6 3. Bb5 a6 4. Ba4 Nf6 5. O-O Be7 6. Re1 O-O 7. Bxc6 bxc6 8. Nxe5 Bb7 9. d3 d5 10. Nc3 Nd7
11. Nf3 Nb6 12. Bd2 d4 13. Ne2 c5 14. c3 c4 15. cxd4 cxd3 16. Nc1 c5 17. d5 c4 18. Ba5 Qc7 19. b3 Bc5 20. bxc4 Bxf2+
21. Kxf2 Qc5+ 22. Kf1 Qxa5 23. Qxd3 Nd7 24. Nb3 Qa3 25. Qc2 Rac8 26. Nbd2 a5 27. Qb3 Qb4 28. Qxb4 axb4 29. Reb1 Ba6 30. Rxb4 f5
31. e5 Nc5 32. Kg1 Nd3 33. Rb3 Nc5 34. Ra3 Rf7 35. e6 Rfc7 36. Ne5 Rb8 37. Re1 Bc8 38. Nc6 Rxc6 39. dxc6 Bxe6 40. Re5 Rd8
41. Rxc5 Rxd2 42. c7
1-0

[Event "1800's Anonymous "]
[Site "SchemingMind.com"]
[Date "2012.06.08"]
[Round "-"]
[White "Clive Everill"]
[Black "GreeneKing"]
[Result "0-1"]
[WhiteCountry "CZE"]
[BlackCountry "SCO"]
[WhiteElo "1725"]
[WhiteRD "57"]
[BlackElo "1888"]
[BlackRD "73"]
[GameID "311905"]

1. e4 e5 2. Nc3 Nf6 3. f4 Nc6 4. fxe5 Nxe5 5. d4 Nc6 6. e5 Ng8 7. Nf3 d5 8. Bb5 h6 9. O-O Be6 10. Bxc6+ bxc6
11. Ne2 Ne7 12. Nf4 Qd7 13. b3 g5 14. Nxe6 fxe6 15. Nd2 Nf5 16. Qh5+ Qf7 17. Qh3 Qg6 18. c3 c5 19. g4 Nh4 20. Nf3 Qd3
21. Bd2 cxd4 22. cxd4 Bg7 23. Rac1 Rf8 24. Rc3 Nxf3+ 25. Rxf3 Qxd2 26. Rxf8+ Bxf8 27. Rxc7 Qxd4+ 28. Kf1 Qa1+ 29. Kg2 Qxa2+ 30. Kf1 Qa1+
31. Kg2 Qxe5 32. Qh5+ Kd8 33. Rf7 Be7 34. Qxh6 Kd7 35. Qh7 Qe4+ 36. Qxe4 dxe4 37. Rf2 Rb8 38. Re2 Rb4 39. Re3 Bc5 40. Rc3 Kd6
41. h4 e3 42. Kf3 gxh4 43. g5 Bd4 44. Rd3 Ke5 45. g6 Kf6
0-1

[Event "1800's Anonymous "]
[Site "SchemingMind.com"]
[Date "2012.06.08"]
[Round "-"]
[White "miriskra"]
[Black "GreeneKing"]
[Result "0-1"]
[WhiteCountry "WLS"]
[BlackCountry "SCO"]
[WhiteElo "1798"]
[WhiteRD "65"]
[BlackElo "1879"]
[BlackRD "75"]
[GameID "311906"]

1. d4 Nf6 2. c4 e6 3. Nc3 Bb4 4. Qc2 b6 5. Bg5 Bb7 6. a3 Bxc3+ 7. Qxc3 h6 8. Bh4 g5 9. Bg3 Ne4 10. Qc2 Nxg3
11. hxg3 Qf6 12. e3 d6 13. Ne2 Nd7 14. O-O-O Qxf2 15. e4 Qe3+ 16. Qd2 Qxd2+ 17. Rxd2 Bxe4 18. g4 Nf6 19. Ng3 Bb7 20. Nh5 Nxh5
21. Rxh5 O-O-O 22. Bd3 Kb8 23. g3 Bf3 24. Rdh2 Bxg4 25. Rxh6 Rxh6 26. Rxh6 c5 27. Rh7 f5 28. Rg7 cxd4 29. Rxg5 d5 30. Kd2 Bf3
31. Rg7 dxc4 32. Bxc4 Bd5 33. Bd3 Rf8
0-1

[Event "1800's Anonymous "]
[Site "SchemingMind.com"]
[Date "2012.06.07"]
[Round "-"]
[White "Scooter"]
[Black "GreeneKing"]
[Result "1-0"]
[WhiteCountry "USA"]
[BlackCountry "SCO"]
[WhiteElo "1745"]
[WhiteRD "49"]
[BlackElo "1879"]
[BlackRD "75"]
[GameID "311907"]

1. d4 Nf6 2. Nf3 g6 3. Bf4 d6 4. h3 b6 5. e3 a6 6. Be2 Bb7 7. O-O Bg7 8. c3 O-O 9. Nbd2 Nbd7 10. Re1 Rc8
11. Qc2 c5 12. dxc5 Nxc5 13. Rab1 e5 14. Bg5 b5 15. Rbd1 Qb6 16. Bxf6 Bxf6 17. Bd3 d5 18. Be2 Bg7 19. Nb3 Na4 20. Nbd2 Rfd8
21. Qb3 Rc7 22. c4 Nc5 23. Qb4 Bf8 24. Qc3 f6 25. b3 b4 26. Qb2 a5 27. cxd5 Bxd5 28. Nc4 Qa7 29. a3 bxa3 30. Qxa3 Nb7
31. Qa2 Bb4 32. Rf1 Nc5 33. Nfd2 Rcd7 34. Bg4 f5 35. Nxe5 Bxb3 36. Nxb3 Rxd1 37. Nxc5+ Kh8 38. Nf7+ Kg7 39. Ne6+ Kf6 40. Nfxd8 Rxf1+
41. Kxf1 fxg4 42. Qb2+ Kf5 43. hxg4+ Kxg4 44. Qe2+
1-0

[Event "1800's Anonymous "]
[Site "SchemingMind.com"]
[Date "2012.06.08"]
[Round "-"]
[White "kenneth m day"]
[Black "GreeneKing"]
[Result "0-1"]
[WhiteCountry "USA"]
[BlackCountry "SCO"]
[WhiteElo "1775"]
[WhiteRD "51"]
[BlackElo "1892"]
[BlackRD "71"]
[GameID "311908"]

1. e4 c5 2. b4 e5 3. Nf3 Nf6 4. Bc4 Nxe4 5. Nxe5 Nd6 6. Bb3 Qg5 7. Qe2 Be7 8. O-O Nc6 9. Nxc6 bxc6 10. bxc5 Nb5
11. Bb2 O-O 12. d4 d5 13. cxd6 Bxd6 14. Nd2 Bg4 15. f3 Qh6 16. g3 Rae8 17. Qd3 Re3 18. Qc4 Be6 19. Qxc6 Re2 20. Rf2 Rxf2
21. Kxf2 Qxd2+ 22. Kg1 Bh3 23. f4 Qe3+ 24. Kh1 Re8 25. Rg1 Qe4+ 26. Qxe4 Rxe4 27. Bd5 Re7 28. c4 Nc7 29. Bc6 Re2 30. Rb1 Bf5
31. c5 Bf8 32. Bf3 Rf2
0-1